|
|
|
|
| LEADER |
00000nab a2200000 a 4500 |
| 001 |
vtls010568706 |
| 003 |
SK-MaSNL |
| 005 |
20260318122037.0 |
| 008 |
140113c2013 xo wr p 000 c0ukr |
| 015 |
|
|
|a SNBRA2014/01
|
| 038 |
|
|
|a SVKPOCL
|
| 040 |
|
|
|a SVKPOCL
|b slo
|c SVKPOCL
|e AACR2
|
| 041 |
0 |
|
|a ukr
|
| 044 |
|
|
|a xo
|c SK
|
| 080 |
|
|
|a 070
|2 2001
|
| 080 |
|
|
|a 070(=161.2)(437.6)
|2 2001
|
| 080 |
|
|
|a 80(=16)+908(4)
|2 2001
|
| 080 |
|
|
|a 80(=161.2)+908(477)
|2 2001
|
| 080 |
|
|
|a (048.8)
|2 2001
|
| 080 |
|
|
|a (091)
|2 2001
|
| 080 |
|
|
|a 070(=161.25)(437.6)
|2 2001
|
| 100 |
1 |
|
|a Follrichová, Mária,
|d 1953-
|4 aut
|9 231051
|
| 245 |
1 |
0 |
|a Šljachy rozvytku ukrajins'koji presy Slovaččyny pislja 1945 roku
|c Follrich Marija
|
| 300 |
|
|
|b Fotogr.
|
| 648 |
|
7 |
|a 1945-2010
|2 svkpocl
|9 545493
|
| 650 |
0 |
7 |
|a tlač
|2 svkpocl
|9 1413
|
| 650 |
0 |
7 |
|a dejiny
|2 svkpocl
|9 3825
|
| 650 |
0 |
7 |
|a slavistika
|2 svkpocl
|9 4282
|
| 650 |
0 |
7 |
|a ukrajinistika
|2 svkpocl
|9 51200
|
| 650 |
0 |
7 |
|a ukrajinská tlač
|2 svkpocl
|9 926074
|
| 650 |
0 |
7 |
|a rusínska tlač
|2 svkpocl
|9 1325557
|
| 651 |
|
7 |
|a Československo
|2 svkpocl
|9 21376
|
| 651 |
|
7 |
|a Slovensko
|2 svkpocl
|9 14231
|
| 655 |
|
7 |
|a štúdie
|2 svkpocl
|9 57033
|
| 773 |
0 |
|
|t Ukrajins'ki mas-media v Slovaččyni pislja 1945 roku ta prezentacija v nych Ukrajiny : materialy Mižnarodnoji konferenciji, jaka vidbulasja 19 - 20 žovtnja 2012 roku v Prjaševi = Ukrajinské média na Slovensku po roku 1945 a prezentácia Ukrajiny v nich : materiály Medzinárodnej konferencie, ktorá sa konala 19. - 20. októbra 2012 v Prešove
|d Prjašiv : Sojuz rusyniv-ukrajinciv Slovac'koji Respubliky, 2013
|g S. 11-29
|z 9788085137323
|
| 852 |
|
|
|a SVKPO
|b KIS3GCP
|
| 958 |
|
|
|a UK
|
| 958 |
|
|
|a CZ
|
| 958 |
|
|
|a SK
|
| 958 |
|
|
|a SS
|
| 999 |
|
|
|c 3262021
|d 3263951
|